| 000 | 01103cam a22003253a 4500 | ||
|---|---|---|---|
| 001 | 2662 | ||
| 005 | 20240109092704.0 | ||
| 020 |
_a0553157663 : _c$2.75 |
||
| 020 | _a076783002753 | ||
| 040 |
_aVTL _cVTL _dDVA _dOCL _dDLC _beng |
||
| 050 | 0 | 0 | _aPZ7.W6554834 |
| 082 | _a813.54 | ||
| 100 | 1 | _aSuzanne, Jamie | |
| 245 | 1 | 0 |
_aJessica, the rock star / _cwritten by Jamie Suzanne ; created by Francine Pascal |
| 260 |
_aNew York : _bBantam Books, _c1989 |
||
| 300 |
_a102 pages : _c20 cm |
||
| 490 | 1 |
_aSweet Valley Twins ; _v34 |
|
| 500 | _a"A Bantam Skylark Book" | ||
| 505 | _aQ | ||
| 520 | _aJessica wants to become a rock star and auditions with a group at Sweet Valley Middle School. When Elizabeth hears Jessica's singing, she thinks the whole thing is a nightmare. | ||
| 521 |
_a700 _bLexile estimate |
||
| 521 |
_aQ _bRaz-Plus |
||
| 650 | 0 |
_aTwins _vFiction. |
|
| 650 | 0 |
_aRock music _vFiction. |
|
| 650 | 0 |
_aSingers _vFiction. |
|
| 655 | 7 |
_aYoung adult fiction. _2lcsh |
|
| 700 | 1 |
_aPascal, Francine _eCreator |
|
| 906 |
_a7 _bcbc _ccopycat _d2 _encip _f19 _gy-genrareb |
||
| 942 |
_2ddc _cBK _n0 |
||
| 999 |
_c2662 _d2662 |
||